|
|
|
|
| LEADER |
000000am a2200000 a 4500 |
| 001 |
10195 |
| 005 |
20230308175805.0 |
| 008 |
964100|1964 ||||||||r|||||||||||spa|| |
| 040 |
|
|
|b spa
|
| 041 |
0 |
|
|a Es
|
| 082 |
0 |
|
|a 618.92
|b Lin
|
| 100 |
1 |
|
|a Linneweh, Friedrich
|9 85014
|
| 245 |
1 |
1 |
|a Pediatría práctica: [medicina interna infantil]
|c Friedrich Linneweh
|h imp
|
| 264 |
|
|
|a Barcelona
|b Científico Médica
|c 1964
|
| 300 |
|
|
|a 519 páginas:
|b ilus., tbls.
|
| 650 |
1 |
0 |
|a Pediatría
|9 2161
|
| 852 |
|
|
|a UC-SALUD
|f compra
|k mariana.feican
|l 1
|m General
|p 19641005
|q S/. 280
|t 10195
|b 0
|d CDRS
|e CDRS
|g 618.92 Lin
|z 1964-41-00
|
| 942 |
|
|
|c BK
|
| 999 |
|
|
|c 51027
|d 51027
|